Leyendas de los Otori : (Registro nro. 10765)

Detalles MARC
000 -LIDER
fixed length control field 01063nam a22003617a 4500
001 - NÚMERO DE CONTROL
Identificador de número de control 000376
003 - IDENTIFICACDOR DE NÚMERO DE CONTROL
control field DO-SdBNP
005 - DATE AND TIME OF LATEST TRANSACTION
control field 20240131083113.0
007 - CAMPOS FIJOS DE DESCRIPCIÓN FÍSICA
fixed length control field 000376
008 - ELEMENTOS DE LONGITUD FIJA
fixed length control field 160707b2004 ch | 00| 0 spa d
020 ## - ISBN
International Standard Book Number 9562393003
040 ## - FUENTE DE CATALOGACIÓN
Agencia que crea de manera original el registro BPMSU
Idioma de catalogación spa
Agencia que realiza la transcripción BPMSU
082 #4 - NÚMERO DE CLASIFICACIÓN DECIMAL DE DEWEY
Classification number 823.91
Item number H436L 2004
Edition number 22
100 1# - ASIENTO PRINCIPAL -- NOMBRE PERSONAL
Nombre personal Hearn, Lian
Fechas asociadas con el nombre 1942-
210 ## - TITULO ABREVIADO
Fuente
245 10 - MENCIÓN DE TITULO
Título Leyendas de los Otori :
Subtítulo el suelo del ruiseñor /
Mención de responsabilidad Lian Hearn ; traducción Mercedes Núñez.
260 ## - PUBLICACIÓN, DISTRIBUCIÓN, ETC. (PIE DE IMPRENTA)
Lugar de publicación, distribución, etc Santiago de Chile :
Nombre del editor, distribuidor, etc. Alfaguara,
Fecha de publicación, distribución, etc 2004.
300 ## - DESCRIPCIÓN FÍSICA
Extensión 312 p. ;
Dimensiones 22 cm.
490 0# - MENCIÓN DE SERIES
Mención de serie Otori,
Volume/sequential designation 1
500 ## - NOTA GENERAL
Nota general
534 ## - NOTA SOBRE LA VERSIÓN ORIGINAL
Asiento principal del original Título original. :
Mención del título original Tales of the Otori. Across the nightingale floor.
586 ## - AWARDS NOTE
Awards note Saga Best-Sellers
590 ## - NOTA LOCAL
Texto de la nota local Invetariado, 2024/VM
600 ## - ENCABEZAMIENTO DE MATERIA--NOMBRE PERSONAL
Fuente del encabezado o término
650 #4 - ENCABEZAMIENTO DE MATERIA--TEMÁTICO
Término temático o nombre geográfico como elemento de entrada Novela inglesa
650 #4 - ENCABEZAMIENTO DE MATERIA--TEMÁTICO
Término temático o nombre geográfico como elemento de entrada Intriga
Subdivisión de forma Novela
650 #4 - ENCABEZAMIENTO DE MATERIA--TEMÁTICO
Término temático o nombre geográfico como elemento de entrada Novela fantástica
650 #4 - ENCABEZAMIENTO DE MATERIA--TEMÁTICO
Término temático o nombre geográfico como elemento de entrada Novela amorosa
700 1# - ASIENTO SECUNDARIO -- NOMBRE PERSONAL
Nombre personal Núñez, Mercedes
Fechas asociadas con el nombre 1913-
Mención de responsabilidad trad
700 1# - ASIENTO SECUNDARIO -- NOMBRE PERSONAL
Nombre personal Santiago, Elena de,
Mención de responsabilidad ed.
910 ## - VALIDACIÓN
Validación VMateo V. Control de calidad. BPMSU
942 ## - ADDED ENTRY ELEMENTS (KOHA)
Source of classification or shelving scheme Dewey Decimal Classification
Koha item type Libros
Existencias
Withdrawn status Lost status Source of classification or shelving scheme Damaged status Not for loan Collection code Home library Current library Date acquired Source of acquisition Total Checkouts Full call number Barcode Date last seen Copy number Price effective from Koha item type
    Dewey Decimal Classification     Colección General Biblioteca Pública Metropolitana Salomé Ureña Biblioteca Pública Metropolitana Salomé Ureña 07/07/2016 Alfaguara   BPMSU CG 823.91 H436L 2004 BPMSU16070237 07/07/2016 v.1 07/07/2016 Libros
    Dewey Decimal Classification     Colección General Biblioteca Pública Metropolitana Salomé Ureña Biblioteca Pública Metropolitana Salomé Ureña 07/07/2016 Alfaguara   BPMSU CG 823.91 H436L 2004 BPMSU16070238 07/07/2016 v.1, e.2 07/07/2016 Libros
    Dewey Decimal Classification     Colección General Biblioteca Pública Metropolitana Salomé Ureña Biblioteca Pública Metropolitana Salomé Ureña 07/07/2016 Alfaguara   BPMSU CG 823.91 H436L 2004 BPMSU16070239 07/07/2016 v.1, e.3 07/07/2016 Libros